Logo BPK

Biblioteka

Politechniki Koszalińskiej

Fränkische Literaturlese : (Rekord nr 49458)

Szczegóły MARC
000 -ETYKIETA REKORDU
podpole kontrolne o stałej długości 00799nam a2200217 i 4500
001 - NUMER KONTROLNY REKORDU
pole kontrolne bgj
020 ## - MIĘDZYNARODOWY ZNORMALIZOWANY NUMER KSIĄŻKI - ISBN
ISBN 3826014979
040 ## - ŹRÓDŁO KATALOGOWANIA
Instytucja, która utworzyła rekord BPK
041 0# - KOD JĘZYKA
Kod języka tekstu ger
920 ## - Międzynarodowy znormalizowany numer książki – ISBN
ISBN 3-8260-1497-9
008 - POLE O STAŁEJ DŁUGOŚCI - DANE KONTROLNE
podpole kontrolne o stałej długości s gw f |000 0 ger
100 1# - NAZWA OSOBOWA
Nazwa osobowa ARMANSKI, Gerhard.
245 10 - TYTUŁ/ODPOWIEDZIALNOŚĆ
Tytuł Fränkische Literaturlese :
Ciąg dalszy tytułu Essays über Poeten zwischen Main und Donau : Max Dauthendey, Elisabeth Engelhardt, Gisela Elsner, Friedrich Rückert, Süsskind von Trimberg, Moritz August von Thümmel, Leo Weismantel /
Pozostałe elementy strefy tytułu i oznaczenia odpowiedzialności Gerhard Armanski.
260 ## - STREFA ADRESU WYDAWNICZEGO
Miejsce wydania Würzburg :
Nazwa wydawcy/dystrybutora Köninghausen und Neumann,
Data publikacji, dystrybucji/powstania dokumentu 1998.
300 ## - STREFA OPISU FIZYCZNEGO
Objętość 128 S. :
Inne cechy fizyczne Ill. ;
Rozmiary 19 cm.
504 ## - UWAGA DOTYCZĄCA BIBLIOGRAFII
Informacje o bibliografii Bibliographie S. 128.
651 #9 - HASŁO PRZEDMIOTOWE W FORMIE NAZWY GEOGRAFICZNEJ
Nazwa geograficzna Franken
Określnik ogólny Literarische Stätte
651 #9 - HASŁO PRZEDMIOTOWE W FORMIE NAZWY GEOGRAFICZNEJ
Nazwa geograficzna Franken
Określnik ogólny Schrifseller
-- Geschichte 1170-1977
655 ## - TERMIN INDEKSOWY - OKREŚLENIE RODZAJU/FORMY DOKUMENTU
Określenie rodzaju/formy dokumentu Führer
856 ## - LOKALIZACJA I DOSTĘP DO ELEKTRONICZNYCH DOKUMENTÓW ZDALNYCH
Link (URL) http://koha.tu.koszalin.pl/cgi-bin/koha/opac-detail.pl?biblionumber=49458
Tekst linku Katalog online BPK
942 ## - DODATKOWE ELEMENTY (KOHA)
Typ dokumentu Książka
Egzemplarze
Wycofany Status egzemplarza Uszkodzony Dostępność Lokalizacja stała Lokalizacja bieżąca Miejsce przechowywania Sygnatura Kod kreskowy Typ dokumentu
      Tylko na miejscu Biblioteka Politechniki Koszalińskiej Biblioteka Politechniki Koszalińskiej Czytelnia Wydziałowa ul. Kwiatkowskiego 6e N 1137 01580600 Książka
© 2023 Biblioteka Politechniki Koszalińskiej :: KOHA